| 000 | 01525cam a22003258a 4500 | ||
|---|---|---|---|
| 001 | 17199037 | ||
| 005 | 20170105102847.0 | ||
| 008 | 120307s2012 ne b 001 0 eng | ||
| 010 | _a 2012010110 | ||
| 020 | _a9789004221529 (hardback : alk. paper) | ||
| 040 |
_aDLC _cDLC |
||
| 042 | _apcc | ||
| 043 | _ae-gr--- | ||
| 050 | 0 | 0 |
_aKKE2467.M56 _bT75 2012 |
| 082 | 0 | 0 |
_a342.49508 TSI _223 |
| 100 | 1 | _aTsitselikēs, Kōnstantinos. | |
| 245 | 1 | 0 |
_aOld and new Islam in Greece : _bfrom historical minorities to immigrant newcomers / _cbyKkonstantinos Tsitselikis. |
| 260 |
_aLeiden ; _aBoston : _bMartinus Nijhoff Publishers, _c2012. |
||
| 263 | _a1206 | ||
| 300 | _ap. cm. | ||
| 490 | 0 |
_aStudies in international minority and group rights ; _vv. 5 |
|
| 504 | _aIncludes bibliographical references and index. | ||
| 505 | 0 | _aIntroduction : theoretical and methodological concerns -- Muslim minorities in the Balkans in the era of nationalism -- 1913-1922 : a decade of ethno-religious co-existence -- 1923-1947 : exchanging populations and the aftermath -- Islam under Greek law : the content of rights -- The Muslim minority as a legal entity : an Ottoman legacy -- Unbending identities, invisible diversities. | |
| 650 | 0 |
_aMuslims _xLegal status, laws, etc. _zGreece. |
|
| 650 | 0 |
_aMinorities _xLegal status, laws, etc. _zGreece. |
|
| 650 | 0 |
_aEmigration and immigration law _zGreece. |
|
| 906 |
_a7 _bcbc _corignew _d1 _eecip _f20 _gy-gencatlg |
||
| 942 |
_2ddc _cBK |
||
| 999 |
_c14099 _d14099 |
||